Biểu tượng trong tiểu thuyết Ngàn cành hạc của Kawabata Yasunari

Kawabata Yasunari và vẻ đẹp văn hóa truyền thống Nhật Bản. Hệ thống biểu tượng trong Ngàn cành hạc của Kawabata

保存先:
書誌詳細
第一著者: Cao, Thị Lương
その他の著者: Nguyễn Phương Khánh ThS (Hướng dẫn)
フォーマット: 図書
言語:Vietnamese
出版事項: Đại học Đà Nẵng Trường Đại học Sư Phạm 2011
シリーズ:Khóa luận tốt nghiệp Đại học. Chuyên ngành: Cử nhân văn học
主題:
タグ: タグ追加
タグなし, このレコードへの初めてのタグを付けませんか!
Thư viện lưu trữ: Mạng thư viện Đại học Đà Nẵng
LEADER 01527nam a2200373 4500
001 000011163
003 7395
005 20120202100251.0
008 120202s2011 viesd
041 |a vie 
072 |a Khóa luận tốt nghiệp 
082 |a 895.6  |b CA-L 
100 |a Cao, Thị Lương 
245 |a Biểu tượng trong tiểu thuyết Ngàn cành hạc của Kawabata Yasunari  |c Cao, Thị Lương 
260 |a Đại học Đà Nẵng  |b Trường Đại học Sư Phạm  |c 2011 
300 |a 65 tr.  |b Ảnh minh họa  |c 29 cm 
490 |a Khóa luận tốt nghiệp Đại học. Chuyên ngành: Cử nhân văn học 
500 |a Tham khảo trang 62 
520 |a Kawabata Yasunari và vẻ đẹp văn hóa truyền thống Nhật Bản. Hệ thống biểu tượng trong Ngàn cành hạc của Kawabata 
653 |a Kawabata Yasunari 
653 |a Khóa luận tốt nghiệp Đại học 
653 |a Khoa Ngữ văn 
653 |a Ngàn cánh hạc 
700 |a Nguyễn Phương Khánh  |c ThS  |e Hướng dẫn 
OWN |a LSP 
AVA |a UDN50  |b LSP  |d 895.6 CA-L  |e available  |t Error 5001 Not defined in file expand_doc_bib_avail.  |f 1  |g 0  |h N  |i 0  |k 1 
999 |a From the UDN01 
AVA |a UDN50  |b LSP  |d 895.6 CA-L  |e available  |t Error 5001 Not defined in file expand_doc_bib_avail.  |f 1  |g 0  |h N  |i 0  |k 1 
TYP |a Monograph 
TYP |a Printed language 
980 |a Mạng thư viện Đại học Đà Nẵng